000 00667nam a2200265Ia 4500
005 20260320203330.0
008 008 262003s9999 xx 000 0 eng d
020 _a978-3-658-40269-3
037 _aEBOOK
040 _aCRL
040 _beng
040 _cCRL
041 _2eng
041 _aeng
084 _qCRL
100 _aRolf G. Heinze, Jürgen Schupp
_91137402
245 0 _aBasic Income - From Vision to Creeping Transformation of the Welfare State
260 _bSpringer
260 _c2023
650 _aPhysics
856 _uhttps://doi.org/10.1007/978-3-658-40269-3
942 _cEBOOK
999 _c1726177
_d1726177